MARC

LEADER 00000nam0a2200000 4500
001 113216
005 20231031121740.0
035 |a (RuTPU)RU\TPU\book\122453 
090 |a 113216 
100 |a 20070407d1982 m y0rusy50 ca 
101 0 |a rus 
102 |a RU 
105 |a a z 001zy 
200 1 |a Надежность нефтепроводов и нефтеперекачивающих станций  |e сборник научных трудов  |f Всесоюзный научно-исследовательский институт по сбору, подготовке и транспорту нефти и нефтепродуктов ; под ред. А. Г. Гумерова 
210 |a Уфа  |c ВНИИСПТнефть  |d 1982 
215 |a 147 с.  |c ил. 
320 |a Библиография в конце статей 
610 1 |a надежность 
610 1 |a нефтепроводы 
610 1 |a нефтеперекачивающие станции 
610 1 |a сборники 
675 |a 622.692.4  |v 3 
702 1 |a Гумеров  |b А. Г.  |g Асгат Галимьянович  |4 340 
712 0 2 |a Всесоюзный научно-исследовательский институт по сбору, подготовке и транспорту нефти и нефтепродуктов  |2 stltpush  |3 (RuTPU)RU\TPU\col\7482 
801 1 |a RU  |b 63413507  |c 20070407  |g PSBO 
801 2 |a RU  |b 63413507  |c 20080312  |g PSBO 
942 |c BK